000 00299nam a2200145Ia 4500
100 _aGreene/ Joe
942 _cBK
654 _aComputer
245 _aOracle : DAB Survival Guide
260 _bnone
_aNew york
_c1997
082 _a5.13
_bGRE
300 _a769
546 _aENGLISH
999 _c24217
_d24217